Normal view
MARC view
Entry Uniform Title
001 - CONTROL NUMBER
- control field: 53107
003 - CONTROL NUMBER IDENTIFIER
- control field: dpl
005 - DATE AND TIME OF LATEST TRANSACTION
- control field: 20121015141924.0
008 - FIXED-LENGTH DATA ELEMENTS
- fixed length control field: 121015|||a|||||| | ||| d
040 ## - CATALOGING SOURCE
- Original cataloging agency: dpl
- Transcribing agency: dpl
130 ## - HEADING--UNIFORM TITLE
- Uniform title: McGraw-Hill series in mechanical engineering-McGraw -Hill series in aeronautical and aerospace engineering
670 ## - SOURCE DATA FOUND
- Source citation: Work cat.: (dpl): 53047 Anderson, John D., Computational fluid dynamics :, 2012
670 ## - SOURCE DATA FOUND
- Source citation: Work cat.: (dpl): 53047 Anderson, John D., Computational fluid dynamics :, 2012
